| 000 | 00445nam a2200181Ia 4500 | ||
|---|---|---|---|
| 008 | 230524s9999 xx 000 0 und d | ||
| 020 | _a9788127235642 | ||
| 082 |
_a650 _bSHA |
||
| 100 | _aR.K.Sharma | ||
| 245 | 0 | _aBusiness Studies And Management :CHSE-XI | |
| 250 | _a4TH | ||
| 260 |
_aNEW DELHI _bKalyani _c2008 |
||
| 300 | _aIV;356 | ||
| 500 | _aQuantity Number: 5 | ||
| 650 | _aManagement | ||
| 700 | _a Shashi K.Gupta | ||
| 942 | _cBK | ||
| 999 |
_c40699 _d40699 |
||